000 00616nam a2200229Ia 4500
003 OSt
005 20221007075606.0
006 a|||||r|||| 00| 0
007 ta
008 221006b |||||||| |||| 00| 0 eng d
024 _a17,051
037 _cTextual
040 _aFLL
_cFLL
_beng
041 _2eng
_aeng
082 _aX9(J):329.236.N4, L7
100 _aDarling M. Au.
_9694006
245 0 _aPunjab peasant
260 _aNew Delhi
_bManohar book service India
_c1977
300 _a277p
_ccm.
942 _hX9(J):329.236.N4, L7
_cTEXL
_2CC
999 _c1156668
_d1156668